[Event "Blitz Women"]
[Site "?"]
[Date "2018.08.03"]
[Round "2.3"]
[White "Guo, Qi"]
[Black "Gevorgyan, Irina"]
[Result "1/2-1/2"]
[BlackElo "2275"]
[WhiteElo "2362"]
[LiveChessVersion "1.4.8"]

1. d4 {[%clk 0:03:02]} d5 {[%clk 0:03:03]} 2. c4 {[%clk 0:03:03]} c6
{[%clk 0:03:04]} 3. Nf3 {[%clk 0:03:03]} Nf6 {[%clk 0:03:05]} 4. Nc3
{[%clk 0:03:04]} e6 {[%clk 0:03:06]} 5. cxd5 {[%clk 0:03:02]} exd5
{[%clk 0:03:07]} 6. Bg5 {[%clk 0:03:02]} Be7 {[%clk 0:03:08]} 7. Qc2
{[%clk 0:03:02]} g6 {[%clk 0:03:08]} 8. e3 {[%clk 0:03:02]} Bf5 {[%clk 0:03:09]}
9. Bd3 {[%clk 0:03:03]} Bxd3 {[%clk 0:03:09]} 10. Qxd3 {[%clk 0:03:03]} O-O
{[%clk 0:03:05]} 11. Bxf6 {[%clk 0:02:52]} Bxf6 {[%clk 0:03:06]} 12. b4
{[%clk 0:02:53]} a6 {[%clk 0:03:03]} 13. Rb1 {[%clk 0:02:48]} Qe7
{[%clk 0:02:52]} 14. O-O {[%clk 0:02:46]} b5 {[%clk 0:02:52]} 15. a4
{[%clk 0:02:46]} Nd7 {[%clk 0:02:52]} 16. a5 {[%clk 0:02:44]} Bg7
{[%clk 0:02:49]} 17. Rfc1 {[%clk 0:02:44]} Rfc8 {[%clk 0:02:43]} 18. Nd2
{[%clk 0:02:44]} Nf6 {[%clk 0:02:37]} 19. Na2 {[%clk 0:02:42]} Ne8
{[%clk 0:02:35]} 20. Nb3 {[%clk 0:02:37]} Nd6 {[%clk 0:02:35]} 21. Nc5
{[%clk 0:02:37]} Nc4 {[%clk 0:02:35]} 22. Re1 {[%clk 0:02:36]} f5
{[%clk 0:02:36]} 23. Nc3 {[%clk 0:02:33]} Re8 {[%clk 0:02:27]} 24. g3
{[%clk 0:02:30]} Bf8 {[%clk 0:02:25]} 25. Ne2 {[%clk 0:02:23]} Qd8
{[%clk 0:02:14]} 26. Qc3 {[%clk 0:02:06]} Bxc5 {[%clk 0:02:08]} 27. dxc5
{[%clk 0:02:00]} Ne5 {[%clk 0:02:06]} 28. Nd4 {[%clk 0:02:00]} Qc7
{[%clk 0:02:01]} 29. Kg2 {[%clk 0:02:00]} Rad8 {[%clk 0:01:53]} 30. Rbd1
{[%clk 0:02:00]} Nf7 {[%clk 0:01:45]} 31. Nf3 {[%clk 0:02:00]} Ne5
{[%clk 0:01:40]} 32. Nxe5 {[%clk 0:01:55]} Qxe5 {[%clk 0:01:39]} 33. Qxe5
{[%clk 0:01:54]} Rxe5 {[%clk 0:01:39]} 34. Rd4 {[%clk 0:01:54]} Rde8
{[%clk 0:01:35]} 35. Red1 {[%clk 0:01:52]} Kf7 {[%clk 0:01:35]} 36. Kf3
{[%clk 0:01:51]} Re4 {[%clk 0:01:35]} 37. Ke2 {[%clk 0:01:50]} Rxd4
{[%clk 0:01:34]} 38. Rxd4 {[%clk 0:01:50]} Kf6 {[%clk 0:01:29]} 39. Kd3
{[%clk 0:01:40]} g5 {[%clk 0:01:18]} 40. h4 {[%clk 0:01:38]} g4 {[%clk 0:01:17]}
41. Kc3 {[%clk 0:01:30]} h5 {[%clk 0:01:18]} 42. Kd3 {[%clk 0:01:30]} Re7
{[%clk 0:01:19]} 43. Kc3 {[%clk 0:01:30]} Re8 {[%clk 0:01:20]} 44. Kd3
{[%clk 0:01:31]} Re7 {[%clk 0:01:21]} 1/2-1/2

[Event "Blitz Women"]
[Site "?"]
[Date "2018.08.03"]
[Round "2.4"]
[White "Nadirjanova, Nodira"]
[Black "Zhai, Mo"]
[Result "0-1"]
[BlackElo "2325"]
[WhiteElo "2185"]
[LiveChessVersion "1.4.8"]

1. Nf3 {[%clk 0:03:03]} Nf6 {[%clk 0:03:02]} 2. b3 {[%clk 0:03:04]} e6
{[%clk 0:03:00]} 3. Bb2 {[%clk 0:03:05]} d5 {[%clk 0:03:00]} 4. c4
{[%clk 0:03:04]} Be7 {[%clk 0:03:01]} 5. g3 {[%clk 0:02:56]} O-O {[%clk 0:03:01]}
6. Bg2 {[%clk 0:02:57]} c5 {[%clk 0:03:00]} 7. cxd5 {[%clk 0:02:57]} Nxd5
{[%clk 0:02:59]} 8. O-O {[%clk 0:02:55]} Nc6 {[%clk 0:02:59]} 9. Nc3
{[%clk 0:02:40]} Bf6 {[%clk 0:02:56]} 10. Rc1 {[%clk 0:02:28]} b6
{[%clk 0:02:57]} 11. Na4 {[%clk 0:02:19]} Bb7 {[%clk 0:02:56]} 12. d4
{[%clk 0:02:11]} cxd4 {[%clk 0:02:43]} 13. Nxd4 {[%clk 0:02:11]} Rc8
{[%clk 0:02:41]} 14. e4 {[%clk 0:01:48]} Ndb4 {[%clk 0:02:23]} 15. Nxc6
{[%clk 0:01:46]} Nxc6 {[%clk 0:02:06]} 16. e5 {[%clk 0:01:36]} Be7
{[%clk 0:02:01]} 17. Nc3 {[%clk 0:01:18]} Ba6 {[%clk 0:01:48]} 18. Re1
{[%clk 0:01:00]} Nb4 {[%clk 0:01:49]} 19. Re3 {[%clk 0:00:38]} Nd3
{[%clk 0:01:47]} 20. Rc2 {[%clk 0:00:35]} Nxb2 {[%clk 0:01:43]} 21. Qxd8
{[%clk 0:00:28]} Rfxd8 {[%clk 0:01:44]} 22. Rxb2 {[%clk 0:00:27]} Rxc3
{[%clk 0:01:25]} 23. Rxc3 {[%clk 0:00:28]} Rd1+ {[%clk 0:01:26]} 24. Bf1
{[%clk 0:00:29]} Bxf1 {[%clk 0:01:25]} 25. Rc8+ {[%clk 0:00:28]} Bf8
{[%clk 0:01:26]} 26. h4 {[%clk 0:00:08]} Ba6+ {[%clk 0:01:26]} 27. Kg2
{[%clk 0:00:09]} Bxc8 {[%clk 0:01:26]} 28. Rc2 {[%clk 0:00:11]} Bb7+
{[%clk 0:01:26]} 29. f3 {[%clk 0:00:10]} Rd3 {[%clk 0:01:26]} 30. Rc7
{[%clk 0:00:10]} Bxf3+ {[%clk 0:01:26]} 31. Kf2 {[%clk 0:00:11]} Bc5+
{[%clk 0:01:24]} 32. Ke1 {[%clk 0:00:13]} Rd1# {[%clk 0:01:25]} 0-1

[Event "Blitz Women"]
[Site "?"]
[Date "2018.08.03"]
[Round "2.5"]
[White "Khademalsharieh, Sarasadat"]
[Black "Abdumalik, Zhansaya"]
[Result "1-0"]
[BlackElo "2401"]
[WhiteElo "2362"]
[LiveChessVersion "1.4.8"]

1. d4 {[%clk 0:03:02]} Nf6 {[%clk 0:03:04]} 2. c4 {[%clk 0:03:02]} g6
{[%clk 0:03:05]} 3. g3 {[%clk 0:03:02]} Bg7 {[%clk 0:03:03]} 4. Bg2
{[%clk 0:03:02]} c5 {[%clk 0:03:03]} 5. dxc5 {[%clk 0:03:02]} Qa5+
{[%clk 0:03:01]} 6. Nc3 {[%clk 0:03:02]} Qxc5 {[%clk 0:03:01]} 7. Qa4
{[%clk 0:03:01]} O-O {[%clk 0:02:58]} 8. Nf3 {[%clk 0:02:40]} Nc6
{[%clk 0:02:58]} 9. Be3 {[%clk 0:02:25]} Qf5 {[%clk 0:02:36]} 10. O-O
{[%clk 0:01:56]} d6 {[%clk 0:02:32]} 11. Nd4 {[%clk 0:01:50]} Nxd4
{[%clk 0:02:28]} 12. Bxd4 {[%clk 0:01:51]} a6 {[%clk 0:02:16]} 13. Qb3
{[%clk 0:01:45]} Qh5 {[%clk 0:02:14]} 14. Rad1 {[%clk 0:01:31]} e5
{[%clk 0:01:58]} 15. Bb6 {[%clk 0:01:32]} Bh3 {[%clk 0:01:59]} 16. f3
{[%clk 0:01:18]} e4 {[%clk 0:01:54]} 17. Nd5 {[%clk 0:01:12]} Bxg2
{[%clk 0:01:42]} 18. Kxg2 {[%clk 0:01:13]} exf3+ {[%clk 0:01:42]} 19. exf3
{[%clk 0:01:10]} Nd7 {[%clk 0:01:20]} 20. Bd4 {[%clk 0:00:59]} Nc5
{[%clk 0:01:14]} 21. Qc3 {[%clk 0:00:56]} Bxd4 {[%clk 0:00:48]} 22. Qxd4
{[%clk 0:00:52]} Qe5 {[%clk 0:00:48]} 23. Rfe1 {[%clk 0:00:38]} Qxd4 24. Rxd4
{[%clk 0:00:39]} Ne6 {[%clk 0:00:46]} 25. Rd2 {[%clk 0:00:35]} Kg7
{[%clk 0:00:45]} 26. b3 {[%clk 0:00:36]} Rfd8 {[%clk 0:00:37]} 27. Kf2
{[%clk 0:00:36]} b5 {[%clk 0:00:35]} 28. Ne3 {[%clk 0:00:27]} Rab8
{[%clk 0:00:19]} 29. Red1 {[%clk 0:00:27]} Rb6 {[%clk 0:00:15]} 30. f4
{[%clk 0:00:23]} f5 {[%clk 0:00:08]} 31. Rd5 {[%clk 0:00:22]} bxc4
{[%clk 0:00:05]} 32. Nxc4 {[%clk 0:00:22]} Rc6 {[%clk 0:00:07]} 33. Rxd6
{[%clk 0:00:22]} Rdxd6 {[%clk 0:00:07]} 34. Rxd6 {[%clk 0:00:23]} Rxd6
{[%clk 0:00:08]} 35. Nxd6 {[%clk 0:00:24]} Kf6 {[%clk 0:00:09]} 36. Ke3
{[%clk 0:00:24]} Ke7 {[%clk 0:00:10]} 37. Nc4 {[%clk 0:00:24]} Kd7
{[%clk 0:00:11]} 38. Ne5+ {[%clk 0:00:24]} Kd6 {[%clk 0:00:12]} 39. Nf7+
{[%clk 0:00:25]} Kc5 {[%clk 0:00:10]} 40. Ng5 {[%clk 0:00:23]} Nf8
{[%clk 0:00:06]} 41. a3 {[%clk 0:00:23]} a5 {[%clk 0:00:08]} 42. Kd3
{[%clk 0:00:22]} Kb5 {[%clk 0:00:08]} 43. Kd4 {[%clk 0:00:23]} h6
{[%clk 0:00:08]} 44. Nf7 {[%clk 0:00:23]} h5 {[%clk 0:00:08]} 45. Ne5
{[%clk 0:00:24]} Ne6+ {[%clk 0:00:10]} 46. Kd5 {[%clk 0:00:24]} Nc5
{[%clk 0:00:11]} 47. b4 {[%clk 0:00:25]} axb4 {[%clk 0:00:11]} 48. axb4
{[%clk 0:00:26]} Kxb4 {[%clk 0:00:07]} 49. Nxg6 {[%clk 0:00:26]} Ne4
{[%clk 0:00:08]} 50. Ne7 {[%clk 0:00:26]} Nd2 {[%clk 0:00:08]} 51. Nxf5
{[%clk 0:00:25]} Nf3 {[%clk 0:00:09]} 52. h3 {[%clk 0:00:25]} Kc3
{[%clk 0:00:10]} 53. Ke4 {[%clk 0:00:25]} Nd2+ {[%clk 0:00:11]} 54. Ke5
{[%clk 0:00:26]} Kd3 {[%clk 0:00:11]} 55. g4 {[%clk 0:00:27]} hxg4
{[%clk 0:00:12]} 56. hxg4 {[%clk 0:00:28]} Nf3+ {[%clk 0:00:13]} 57. Kf6
{[%clk 0:00:28]} Ke4 {[%clk 0:00:14]} 58. g5 {[%clk 0:00:26]} Kxf4
{[%clk 0:00:09]} 59. g6 {[%clk 0:00:26]} Ng5 {[%clk 0:00:05]} 60. g7
{[%clk 0:00:27]} Ne4+ {[%clk 0:00:05]} 61. Kg6 {[%clk 0:00:26]} 1-0

[Event "Blitz Women"]
[Site "?"]
[Date "2018.08.03"]
[Round "2.6"]
[White "Saduakassova, Dinara"]
[Black "Hejazipour, Mitra"]
[Result "1-0"]
[BlackElo "2179"]
[WhiteElo "2360"]
[LiveChessVersion "1.4.8"]

1. d4 {[%clk 0:03:04]} d5 {[%clk 0:03:02]} 2. c4 {[%clk 0:03:05]} e6
{[%clk 0:03:03]} 3. Nf3 {[%clk 0:03:07]} Nf6 4. g3 Bb4+ {[%clk 0:03:03]} 5. Bd2
{[%clk 0:03:10]} Be7 {[%clk 0:03:03]} 6. Bg2 {[%clk 0:03:11]} O-O 7. O-O
{[%clk 0:03:12]} c6 {[%clk 0:03:03]} 8. Qc2 {[%clk 0:03:13]} b6 {[%clk 0:03:04]}
9. Bf4 {[%clk 0:03:13]} Ba6 {[%clk 0:03:05]} 10. cxd5 {[%clk 0:03:12]} cxd5
{[%clk 0:03:06]} 11. Nc3 {[%clk 0:03:13]} Nbd7 {[%clk 0:02:58]} 12. Qa4
{[%clk 0:03:10]} Bb7 {[%clk 0:02:59]} 13. Rac1 {[%clk 0:03:00]} a6
{[%clk 0:03:00]} 14. Qb3 {[%clk 0:02:58]} Rc8 {[%clk 0:02:49]} 15. Ne5
{[%clk 0:02:50]} b5 {[%clk 0:02:43]} 16. a4 {[%clk 0:02:41]} b4 {[%clk 0:02:42]}
17. Na2 {[%clk 0:02:40]} Qb6 {[%clk 0:02:40]} 18. Bg5 {[%clk 0:02:29]} Nb8
{[%clk 0:02:16]} 19. Bxf6 {[%clk 0:02:24]} gxf6 {[%clk 0:02:16]} 20. Nf3
{[%clk 0:02:17]} Nc6 {[%clk 0:02:17]} 21. Qe3 {[%clk 0:02:06]} Kg7
{[%clk 0:02:12]} 22. b3 {[%clk 0:02:02]} a5 {[%clk 0:01:56]} 23. Rc2
{[%clk 0:01:43]} Nb8 {[%clk 0:01:36]} 24. Rfc1 {[%clk 0:01:42]} Rxc2
{[%clk 0:01:37]} 25. Rxc2 {[%clk 0:01:44]} Rc8 {[%clk 0:01:38]} 26. Rxc8
{[%clk 0:01:44]} Bxc8 {[%clk 0:01:39]} 27. Nc1 {[%clk 0:01:31]} Qc6
{[%clk 0:01:40]} 28. Nd3 {[%clk 0:01:27]} Qc3 {[%clk 0:01:33]} 29. Nf4
{[%clk 0:01:04]} Qxe3 {[%clk 0:01:16]} 30. fxe3 {[%clk 0:01:05]} Ba6
{[%clk 0:01:16]} 31. Kf2 {[%clk 0:01:02]} Nd7 {[%clk 0:01:14]} 32. Nd2
{[%clk 0:00:59]} f5 {[%clk 0:01:05]} 33. h3 Nf6 {[%clk 0:01:01]} 34. Nd3
{[%clk 0:00:53]} Kf8 {[%clk 0:00:51]} 35. Bf3 {[%clk 0:00:47]} Ne4+
{[%clk 0:00:43]} 36. Bxe4 {[%clk 0:00:48]} fxe4 {[%clk 0:00:43]} 37. Nf4
{[%clk 0:00:29]} Kg7 {[%clk 0:00:40]} 38. Nf1 {[%clk 0:00:21]} Bb7
{[%clk 0:00:39]} 39. Nd2 {[%clk 0:00:22]} Bd6 {[%clk 0:00:34]} 40. g4
{[%clk 0:00:20]} Kf8 {[%clk 0:00:31]} 41. h4 {[%clk 0:00:19]} Ke7
{[%clk 0:00:33]} 42. Nh3 {[%clk 0:00:17]} h6 {[%clk 0:00:31]} 43. g5
{[%clk 0:00:17]} hxg5 {[%clk 0:00:32]} 44. Nxg5 {[%clk 0:00:18]} e5
{[%clk 0:00:27]} 45. Nh3 {[%clk 0:00:15]} exd4 {[%clk 0:00:26]} 46. exd4
{[%clk 0:00:17]} Kf6 {[%clk 0:00:25]} 47. e3 {[%clk 0:00:14]} Kf5
{[%clk 0:00:26]} 48. Ng5 {[%clk 0:00:15]} f6 {[%clk 0:00:27]} 49. Nh3
{[%clk 0:00:09]} Kg4 {[%clk 0:00:28]} 50. Ng1 {[%clk 0:00:08]} Kxh4
{[%clk 0:00:25]} 51. Ne2 {[%clk 0:00:10]} Kg4 {[%clk 0:00:25]} 52. Nf1
{[%clk 0:00:09]} f5 {[%clk 0:00:25]} 53. Nd2 {[%clk 0:00:09]} f4 {[%clk 0:00:23]}
54. exf4 {[%clk 0:00:10]} Bxf4 {[%clk 0:00:25]} 55. Nxf4 {[%clk 0:00:11]} Kxf4
{[%clk 0:00:26]} 56. Nf1 {[%clk 0:00:13]} e3+ {[%clk 0:00:21]} 57. Nxe3
{[%clk 0:00:14]} Ke4 {[%clk 0:00:22]} 58. Ke2 {[%clk 0:00:13]} Kxd4
{[%clk 0:00:23]} 59. Kd2 {[%clk 0:00:15]} Ke4 {[%clk 0:00:23]} 60. Nd1
{[%clk 0:00:15]} d4 {[%clk 0:00:24]} 61. Nf2+ {[%clk 0:00:16]} Kd5
{[%clk 0:00:21]} 62. Nd3 {[%clk 0:00:17]} Bc8 {[%clk 0:00:21]} 63. Nf4+
{[%clk 0:00:18]} Ke4 {[%clk 0:00:21]} 64. Nd3 {[%clk 0:00:19]} Kd5
{[%clk 0:00:14]} 65. Nf4+ {[%clk 0:00:20]} Ke4 {[%clk 0:00:13]} 66. Nd3
{[%clk 0:00:21]} Kd5 {[%clk 0:00:10]} 67. Nf4+ {[%clk 0:00:23]} Kc5
{[%clk 0:00:10]} 68. Nd3+ {[%clk 0:00:23]} Kc6 {[%clk 0:00:11]} 69. Ne5+
{[%clk 0:00:24]} Kd5 {[%clk 0:00:11]} 70. Nc4 {[%clk 0:00:25]} Kc5
{[%clk 0:00:10]} 71. Nxa5 {[%clk 0:00:26]} Be6 {[%clk 0:00:11]} 72. Kd3
{[%clk 0:00:27]} Bf5+ {[%clk 0:00:12]} 73. Kd2 {[%clk 0:00:29]} Be6
{[%clk 0:00:12]} 74. Kd3 {[%clk 0:00:30]} Bf5+ {[%clk 0:00:09]} 75. Kd2
{[%clk 0:00:32]} Be6 {[%clk 0:00:09]} 76. Kc2 {[%clk 0:00:27]} Bf7
{[%clk 0:00:09]} 77. Kd2 {[%clk 0:00:25]} Bd5 {[%clk 0:00:09]} 78. Kd3
{[%clk 0:00:25]} Bf7 {[%clk 0:00:07]} 79. Nb7+ {[%clk 0:00:26]} Kd5
{[%clk 0:00:08]} 80. Na5 {[%clk 0:00:24]} Bg6+ {[%clk 0:00:09]} 81. Kd2
{[%clk 0:00:25]} d3 {[%clk 0:00:10]} 82. Nc4 {[%clk 0:00:25]} Kd4
{[%clk 0:00:10]} 83. a5 {[%clk 0:00:25]} Bf7 {[%clk 0:00:05]} 84. a6
{[%clk 0:00:26]} Bd5 {[%clk 0:00:03]} 85. Nb6 {[%clk 0:00:26]} Bf3 86. a7 Bg2 87.
a8=Q 1-0

[Event "Blitz Women"]
[Site "?"]
[Date "2018.08.03"]
[Round "2.7"]
[White "Alinasab, Mobina"]
[Black "Nakhbayeva, Guliskhan"]
[Result "0-1"]
[BlackElo "2268"]
[WhiteElo "2059"]
[LiveChessVersion "1.4.8"]

1. e4 {[%clk 0:03:03]} e6 {[%clk 0:03:04]} 2. d4 {[%clk 0:03:04]} d5
{[%clk 0:03:06]} 3. Nd2 {[%clk 0:03:04]} Be7 {[%clk 0:03:06]} 4. Ngf3
{[%clk 0:03:05]} Nf6 {[%clk 0:03:07]} 5. e5 {[%clk 0:03:06]} Nfd7
{[%clk 0:03:08]} 6. Bd3 c5 7. c3 {[%clk 0:03:09]} Nc6 {[%clk 0:03:11]} 8. O-O
{[%clk 0:03:09]} g5 {[%clk 0:03:11]} 9. dxc5 {[%clk 0:03:10]} g4 {[%clk 0:03:11]}
10. Nd4 {[%clk 0:03:10]} Ndxe5 {[%clk 0:03:12]} 11. N2b3 {[%clk 0:02:57]} Nxd3
12. Qxd3 {[%clk 0:02:57]} e5 {[%clk 0:02:58]} 13. Nxc6 {[%clk 0:02:50]} bxc6
{[%clk 0:03:00]} 14. Bh6 {[%clk 0:02:48]} Bf6 {[%clk 0:02:39]} 15. Rfe1
{[%clk 0:02:43]} Be6 {[%clk 0:02:39]} 16. Rad1 {[%clk 0:02:19]} a5
{[%clk 0:02:38]} 17. Nd2 {[%clk 0:01:50]} Qd7 {[%clk 0:02:21]} 18. Nf1
{[%clk 0:01:46]} Qe7 {[%clk 0:01:59]} 19. Ng3 {[%clk 0:01:01]} Qxc5
{[%clk 0:01:52]} 20. Nh5 {[%clk 0:01:00]} Qe7 {[%clk 0:01:35]} 21. Qg3
{[%clk 0:01:00]} Rg8 {[%clk 0:01:25]} 22. Nxf6+ Qxf6 {[%clk 0:01:26]} 23. Bc1
{[%clk 0:00:41]} e4 {[%clk 0:01:11]} 24. Be3 {[%clk 0:00:29]} h5 {[%clk 0:01:08]}
25. Bd4 {[%clk 0:00:17]} Qe7 {[%clk 0:01:09]} 26. c4 {[%clk 0:00:15]} f5
{[%clk 0:00:40]} 27. cxd5 {[%clk 0:00:11]} Bxd5 {[%clk 0:00:38]} 28. Qe3
{[%clk 0:00:10]} Rg6 {[%clk 0:00:25]} 29. Bc5 {[%clk 0:00:10]} Qe5
{[%clk 0:00:25]} 30. Bd4 {[%clk 0:00:10]} Qe6 {[%clk 0:00:25]} 31. Qf4
{[%clk 0:00:07]} Kf7 {[%clk 0:00:23]} 32. Re3 {[%clk 0:00:06]} Bxa2 33. Rc1
{[%clk 0:00:04]} Bd5 {[%clk 0:00:20]} 34. Ra3 {[%clk 0:00:04]} Qe7
{[%clk 0:00:18]} 35. Bc5 {[%clk 0:00:04]} Qd7 {[%clk 0:00:19]} 36. Qe3
{[%clk 0:00:05]} Kg8 {[%clk 0:00:20]} 37. Rca1 {[%clk 0:00:04]} Qc7
{[%clk 0:00:13]} 38. Qc3 {[%clk 0:00:04]} Qg7 {[%clk 0:00:11]} 39. Bd4
{[%clk 0:00:05]} Qc7 {[%clk 0:00:10]} 40. Be5 {[%clk 0:00:04]} Qd7
{[%clk 0:00:08]} 41. Rxa5 {[%clk 0:00:04]} Rxa5 {[%clk 0:00:09]} 42. Qxa5
{[%clk 0:00:05]} Kf7 {[%clk 0:00:09]} 43. Qc5 {[%clk 0:00:05]} Ke6
{[%clk 0:00:08]} 44. Bf4 {[%clk 0:00:05]} Rg7 {[%clk 0:00:09]} 45. Qc3
{[%clk 0:00:06]} Rh7 {[%clk 0:00:09]} 46. Qe5+ {[%clk 0:00:06]} Kf7
{[%clk 0:00:10]} 47. Be3 {[%clk 0:00:05]} Qe6 {[%clk 0:00:08]} 48. Ra7+
{[%clk 0:00:05]} Kg6 {[%clk 0:00:10]} 49. Qf4 {[%clk 0:00:05]} Rxa7
{[%clk 0:00:11]} 50. Bxa7 Qe7 {[%clk 0:00:10]} 51. Be3 {[%clk 0:00:05]} Qg7
{[%clk 0:00:09]} 52. Qd6+ {[%clk 0:00:05]} Kh7 {[%clk 0:00:09]} 53. Qb4
{[%clk 0:00:04]} Qf6 {[%clk 0:00:09]} 54. Qb7+ {[%clk 0:00:05]} Kg6
{[%clk 0:00:09]} 55. Qb8 {[%clk 0:00:05]} Bf7 {[%clk 0:00:09]} 56. Qb6
{[%clk 0:00:05]} Qd6 {[%clk 0:00:08]} 57. g3 {[%clk 0:00:03]} h4 {[%clk 0:00:06]}
58. Qb4 {[%clk 0:00:03]} Qxb4 {[%clk 0:00:07]} 0-1

[Event "Blitz Women"]
[Site "?"]
[Date "2018.08.03"]
[Round "2.8"]
[White "Dauletova, Gulmira"]
[Black "Zahedifar, Anahita"]
[Result "0-1"]
[BlackElo "2067"]
[WhiteElo "2204"]
[LiveChessVersion "1.4.8"]

1. e4 {[%clk 0:03:04]} c6 {[%clk 0:03:04]} 2. d4 d5 3. Nc3 {[%clk 0:03:06]} dxe4
{[%clk 0:03:06]} 4. Nxe4 Bf5 {[%clk 0:03:07]} 5. Ng3 {[%clk 0:03:09]} Bg6
{[%clk 0:03:08]} 6. h4 {[%clk 0:03:10]} h6 {[%clk 0:03:09]} 7. Nf3
{[%clk 0:03:11]} Nd7 {[%clk 0:03:10]} 8. h5 {[%clk 0:03:13]} Bh7 {[%clk 0:03:11]}
9. Bd3 {[%clk 0:03:14]} Bxd3 10. Qxd3 {[%clk 0:03:15]} e6 {[%clk 0:03:14]} 11.
Bd2 {[%clk 0:03:15]} Qc7 {[%clk 0:03:15]} 12. O-O-O {[%clk 0:03:15]} O-O-O
{[%clk 0:03:15]} 13. Ne4 {[%clk 0:03:04]} Ngf6 {[%clk 0:03:16]} 14. g3
{[%clk 0:03:03]} Nxe4 {[%clk 0:03:17]} 15. Qxe4 {[%clk 0:03:04]} Nf6
{[%clk 0:03:18]} 16. Qe2 {[%clk 0:03:05]} Bd6 {[%clk 0:03:19]} 17. c4
{[%clk 0:03:01]} c5 {[%clk 0:03:21]} 18. Bc3 {[%clk 0:02:56]} cxd4
{[%clk 0:03:22]} 19. Nxd4 a6 20. Kb1 {[%clk 0:02:45]} Kb8 {[%clk 0:03:03]} 21. a3
{[%clk 0:02:45]} Rc8 {[%clk 0:03:01]} 22. Nb3 {[%clk 0:02:27]} Ka8
{[%clk 0:02:33]} 23. Rh4 {[%clk 0:02:18]} Rhd8 {[%clk 0:02:28]} 24. Ba5
{[%clk 0:01:43]} b6 {[%clk 0:02:27]} 25. Bc3 {[%clk 0:01:18]} Qc6
{[%clk 0:02:15]} 26. Rc1 {[%clk 0:00:52]} Bc5 {[%clk 0:02:02]} 27. Nxc5
{[%clk 0:00:46]} bxc5 {[%clk 0:01:58]} 28. Be5 {[%clk 0:00:38]} Rd7
{[%clk 0:01:47]} 29. Ka2 {[%clk 0:00:20]} Rcd8 {[%clk 0:01:45]} 30. Bc3
{[%clk 0:00:21]} Rb7 {[%clk 0:01:31]} 31. f3 {[%clk 0:00:18]} Qa4
{[%clk 0:01:24]} 32. Qc2 {[%clk 0:00:18]} Qc6 {[%clk 0:01:17]} 33. Qe2
{[%clk 0:00:19]} Rdb8 {[%clk 0:01:16]} 34. Qf2 {[%clk 0:00:18]} Qa4
{[%clk 0:01:10]} 35. Qe2 {[%clk 0:00:17]} Rb3 {[%clk 0:01:04]} 36. Qc2
{[%clk 0:00:10]} Qc6 {[%clk 0:00:48]} 37. f4 {[%clk 0:00:11]} Ne4
{[%clk 0:00:45]} 38. Be5 {[%clk 0:00:12]} R8b7 {[%clk 0:00:41]} 39. Rd1
{[%clk 0:00:11]} f5 {[%clk 0:00:30]} 40. Rh2 {[%clk 0:00:11]} Rxg3
{[%clk 0:00:14]} 41. Rd8+ {[%clk 0:00:13]} Ka7 {[%clk 0:00:16]} 42. Rh1
{[%clk 0:00:12]} Rgb3 {[%clk 0:00:10]} 43. Rhd1 {[%clk 0:00:13]} Qa4
{[%clk 0:00:11]} 44. R1d3 {[%clk 0:00:06]} Rxa3+ {[%clk 0:00:12]} 45. Kb1
{[%clk 0:00:07]} Ra1# {[%clk 0:00:13]} 0-1

[Event "Blitz Women"]
[Site "?"]
[Date "2018.08.03"]
[Round "3.1"]
[White "Pham, Le Thao Nguyen"]
[Black "Lei, Tingjie"]
[Result "1/2-1/2"]
[BlackElo "2468"]
[WhiteElo "2385"]
[LiveChessVersion "1.4.8"]

1. d4 {[%clk 0:03:02]} Nf6 {[%clk 0:03:01]} 2. Nf3 {[%clk 0:03:02]} g6
{[%clk 0:03:02]} 3. g3 {[%clk 0:03:02]} Bg7 {[%clk 0:03:01]} 4. Bg2
{[%clk 0:03:02]} c5 {[%clk 0:03:02]} 5. c3 {[%clk 0:03:00]} cxd4 {[%clk 0:03:02]}
6. cxd4 {[%clk 0:03:01]} d5 {[%clk 0:03:01]} 7. O-O {[%clk 0:03:00]} O-O
{[%clk 0:03:02]} 8. Ne5 {[%clk 0:02:58]} Ng4 {[%clk 0:03:00]} 9. Nc3
{[%clk 0:02:49]} Nxe5 {[%clk 0:02:32]} 10. dxe5 {[%clk 0:02:48]} d4
{[%clk 0:02:10]} 11. Nb5 {[%clk 0:02:17]} Bxe5 {[%clk 0:02:08]} 12. Bh6
{[%clk 0:02:16]} Re8 {[%clk 0:02:09]} 13. Bf4 {[%clk 0:02:14]} Bxf4
{[%clk 0:02:01]} 14. gxf4 {[%clk 0:02:14]} Nc6 {[%clk 0:01:55]} 15. Bxc6
{[%clk 0:01:42]} bxc6 {[%clk 0:01:56]} 16. Nxd4 {[%clk 0:01:43]} c5
{[%clk 0:01:54]} 17. Nf3 {[%clk 0:01:36]} Qc7 {[%clk 0:01:55]} 18. Qd2
{[%clk 0:01:21]} Bb7 {[%clk 0:01:54]} 19. Qe3 {[%clk 0:01:21]} Rad8
{[%clk 0:01:34]} 20. Rfc1 {[%clk 0:01:21]} Rd5 {[%clk 0:01:33]} 21. Rc3
{[%clk 0:01:15]} Qc8 {[%clk 0:00:41]} 22. Re1 {[%clk 0:00:35]} Qg4+
{[%clk 0:00:41]} 23. Kf1 {[%clk 0:00:36]} Rf5 {[%clk 0:00:17]} 24. Rxc5
{[%clk 0:00:33]} Rxf4 {[%clk 0:00:17]} 25. Rg5 {[%clk 0:00:23]} Qh3+
{[%clk 0:00:14]} 26. Kg1 {[%clk 0:00:23]} Re4 {[%clk 0:00:10]} 27. Qc3
{[%clk 0:00:18]} Rc8 {[%clk 0:00:07]} 28. Qb3 {[%clk 0:00:17]} Bc6
{[%clk 0:00:05]} 29. Rg3 {[%clk 0:00:17]} Qf5 {[%clk 0:00:06]} 30. Qd3
{[%clk 0:00:14]} Qd5 {[%clk 0:00:06]} 31. Qxd5 Bxd5 {[%clk 0:00:07]} 32. Nd2
{[%clk 0:00:08]} Re6 {[%clk 0:00:07]} 33. Rc3 {[%clk 0:00:08]} Rxc3
{[%clk 0:00:07]} 34. bxc3 {[%clk 0:00:08]} Bxa2 {[%clk 0:00:08]} 35. Nf3
{[%clk 0:00:06]} Bc4 {[%clk 0:00:08]} 36. Nd4 {[%clk 0:00:07]} Rb6
{[%clk 0:00:08]} 37. e3 {[%clk 0:00:08]} e5 {[%clk 0:00:07]} 38. Nf3
{[%clk 0:00:09]} f6 {[%clk 0:00:08]} 39. Ra1 {[%clk 0:00:08]} Bd5
{[%clk 0:00:10]} 40. Nd2 {[%clk 0:00:09]} Rb2 {[%clk 0:00:09]} 41. c4
{[%clk 0:00:08]} Bc6 {[%clk 0:00:09]} 42. Nf1 {[%clk 0:00:08]} Rc2
{[%clk 0:00:07]} 43. Rxa7 {[%clk 0:00:08]} Rc1 {[%clk 0:00:07]} 44. f4
{[%clk 0:00:08]} exf4 {[%clk 0:00:08]} 45. exf4 {[%clk 0:00:09]} Rxc4
{[%clk 0:00:07]} 46. f5 {[%clk 0:00:10]} Rg4+ {[%clk 0:00:07]} 47. Ng3
{[%clk 0:00:11]} h5 {[%clk 0:00:07]} 48. Ra6 {[%clk 0:00:08]} h4 {[%clk 0:00:03]}
49. Rxc6 {[%clk 0:00:07]} hxg3 {[%clk 0:00:04]} 50. Rxf6 {[%clk 0:00:07]} gxh2+
{[%clk 0:00:05]} 51. Kxh2 {[%clk 0:00:08]} gxf5 {[%clk 0:00:06]} 52. Rxf5
{[%clk 0:00:09]} 1/2-1/2